عرض عادي
عرض مارك
- الشخصية
مدخل مصطلح موضوعي
001 - رقم الضبط
- حقل الضبط: 53983
003 - معرف رقم الضبط
- حقل الضبط: OSt
005 - تاريخ ووقت أخر عملية
- حقل الضبط: 20160504084337.0
008 - عناصر بيانات ثابتة الطول
- حقل تحكم ثابت الطول: 160504|| aca||aabn | a|a d
040 ## - مصدر الفهرسة
- هيئة الفهرسة الأصلية: OSt
- وكالة الكتابة: OSt
150 ## - مدخل-- مصطلح تاريخي
- عنصر مدخل المصطلح الموضوعي او الاسم الجغرافي: الشخصية
- تفريع عام: جوانب نفسية
670 ## - بيانات المصدر موجوده
- الاستشهاد بالمصدر: Work cat.: (OSt): حجازي، أحمد توفيق 236, قوة الأنا : الأنا الأعلى، الأنا السفلى =, 2016.
